000 00607nam a2200241Ia 4500
003 OSt
005 20221005083043.0
006 a|||||r|||| 00| 0
007 ta
008 221004b |||||||| |||| 00| 0 eng d
020 _a9788189487560 (hbk)
024 _a104047
037 _cTextual
040 _aCRL
_cCRL
_beng
041 _2eng
_aeng
082 _aV2:2jM83, P9
245 0 _aAlladi memorial lectures
260 _aNew Delhi
_bTulika Books India
_c2009
300 _axi, 293p.
_ccm.
650 _aHISTORY
942 _hV2:2jM83, P9
_cTEXL
_2cc
999 _c990238
_d990238